| Tag |
First Indicator |
Second Indicator |
Subfields |
| LEADER |
00000cam a2200000 4500 |
| 001 |
in00000287621 |
| 005 |
20151010075627.0 |
| 008 |
731001s1966 at ab b 00000 eng d |
| 010 |
|
|
|a 67081542
|
| 015 |
|
|
|a Aus67-474
|
| 035 |
|
|
|a (OCoLC)00954993
|
| 035 |
|
|
|9 ABF4340AM
|
| 037 |
|
|
|c $4.00Aust.
|
| 040 |
|
|
|a DLC
|c DLC
|d TXA
|d UtOrBLW
|
| 043 |
|
|
|a u-at---
|
| 049 |
|
|
|a TXAM
|c [702488]
|
| 090 |
|
|
|a D767.8
|b .A87 ser. 1, vol. 3
|
| 100 |
1 |
|
|a Maughan, Barton.
|
| 245 |
1 |
0 |
|a Tobruk and El Alamein.
|
| 264 |
|
1 |
|a Canberra :
|b Australian War Memorial,
|c [1966]
|
| 300 |
|
|
|a xx, 854 pages :
|b illustrations, maps (2 color) ;
|c 25 cm.
|
| 336 |
|
|
|a text
|b txt
|2 rdacontent
|
| 337 |
|
|
|a unmediated
|b n
|2 rdamedia
|
| 338 |
|
|
|a volume
|b nc
|2 rdacarrier
|
| 490 |
1 |
|
|a Australia in the war of 1939-1945 ;
|v Series 1 (Army) v. 3
|
| 504 |
|
|
|a Bibliographical footnotes.
|
| 610 |
1 |
0 |
|a Australia.
|b Australian Army.
|b Australian Division, 9th.
|
| 650 |
|
0 |
|a Tobruk, Battles of, Tobruk, Libya, 1941-1942.
|
| 650 |
|
0 |
|a El Alamein, Battle of, Egypt, 1942.
|
| 650 |
|
0 |
|a World War, 1939-1945
|x Regimental histories
|z Australia.
|
| 710 |
2 |
|
|a Australian War Memorial.
|
| 830 |
|
0 |
|a Australia in the war of 1939-1945.
|n Series 1 (Army) ;
|v v. 3.
|
| 999 |
|
|
|a MARS
|
| 999 |
f |
f |
|s 8ba4e916-f1e7-3d63-b8c7-07f80d835eee
|i f75f6594-dff2-3c36-bd70-82783d757524
|t 0
|
| 952 |
f |
f |
|p noncirc
|a Texas A&M University
|b College Station
|c Cushing Memorial Library & Archives
|d Cushing: Ragan Military (Does not check out)
|t 0
|e D767.8 .A87 ser.1,v.3
|h Library of Congress classification
|i unmediated -- volume
|m A14852647685
|
| 952 |
f |
f |
|p ric
|a Texas A&M University
|b Rellis Campus
|c Joint Library Facility
|d Remote Storage
|t 0
|e D767.8 .A87 ser. 1, v.3
|h Library of Congress classification
|i unmediated -- volume
|m A14801893796
|
| 998 |
f |
f |
|a D767.8 .A87 ser.1,v.3
|t 0
|l Cushing: Ragan Military (Does not check out)
|
| 998 |
f |
f |
|a D767.8 .A87 ser. 1, v.3
|t 0
|l Remote Storage
|